Systém splatenia dlhopisov FNM stále nie je vyriešený

Problematický spôsob vyplácania dlhopisov FNM SR splatných k 1.1.2001. Obchodovanie s dlhopismi prostredníctvom RM-Systému Slovakia. Spôsob a časová postupnosť splácania dlhopisov. Rôzne názory na spôsoby splácania dlhopisov. Kolísanie ceny dlhopisov.

Gespeichert in:
Bibliographische Detailangaben
1. Verfasser: Kyselý, Ľubor
Format: Buchkapitel
Sprache:Slowakisch
Schlagworte:
Tags: Tag hinzufügen
Keine Tags, Fügen Sie das erste Tag hinzu!

MARC

LEADER 00000naa a2200000 4500
001 r036751
005 20230921104157.2
041 0 |a slo 
044 |a SK 
245 1 0 |a Systém splatenia dlhopisov FNM stále nie je vyriešený  |c Ľubor Kyselý 
520 |a Problematický spôsob vyplácania dlhopisov FNM SR splatných k 1.1.2001. Obchodovanie s dlhopismi prostredníctvom RM-Systému Slovakia. Spôsob a časová postupnosť splácania dlhopisov. Rôzne názory na spôsoby splácania dlhopisov. Kolísanie ceny dlhopisov. 
610 2 0 |a dlhopisy 
610 2 0 |a predaj 
610 2 0 |a akcie 
610 2 0 |a ceny 
610 2 0 |a FNM SR Bratislava 
610 2 0 |a RM-Systém Slovakia 
100 1 |a Kyselý, Ľubor